LEADER 01635nam a2200313 4500 001 000000339399 003 CaOOAMICUS 005 20200214164415.0 008 200212s2003 it a 000 u ita r 020 $a88-86509-61-8 040 $aSeMil$bita 100 1 $aBuratti Mazzotta, Adele.$0(OLS)http://semarc/name/18855 245 10$aDal Pellegrini ai Ricchino. Le fabbriche dei Visconti e i loro disegni di progetto tra Cinque e Settecento :$bun percorso per la letteratura del territorio /$cAdele Buratti Mazzotta. 264 1$aOggiono (LC) :$bCattaneo,$c2003. 300 $a108 p. :$bill. ;$c24 cm 500 $aIn calce al front.: Fondazione Visconti di San Vito. Castello Visconti Somma Lombardo 541 0 $aFondo mons. Mario Delpini 650 04$aVisconti - Storia.$0(OLS)http://semarc/subject/11005 650 04$aRicchino, Francesco Maria.$0(OLS)http://semarc/subject/15789 650 4$aPellegrini, Pellegrino.$0(OLS)http://semarc/subject/10507 650 4$aLombardia - Architettura.$0(OLS)http://semarc/subject/49037 650 4$aLombardia - Arte.$0(OLS)http://semarc/subject/12272 850 $aSeMil 852 $aSeMil$W1$xVenegono$y1$m5W VII 152$j220374$B230491$CSeMilBibl$Z2$F230491 $81 941 1 $a7 996 $6020$a88-86509-61-8$9(OLS)http://semarc/number/289917 996 $6245$aDal Pellegrini ai Ricchino. Le fabbriche dei Visconti e i loro disegni di progetto tra Cinque e Settecento :$bun percorso per la letteratura del territorio$9(OLS)http://semarc/title/428216 996 $6264$aOggiono (LC) :$bCattaneo$9(OLS)http://semarc/publisher/33326 LEADER 01146nam a2200241 i 4500 001 000000038911 003 CaOOAMICUS 005 20071210000000.0 008 071210s1981 it u000 u ita u 013 $a9524 040 $aSeMil$bita 100 1 $aIannucci, Antonio .$0(OLS)http://semarc/name/18765 245 12$aA quindici anni dal Concilio :$bcambiamento o aggiornamento della Chiesa? /$cmons. Antonio Iannucci, vescovo di Penne-Pescara propone queste riflessioni alla Chiesa diocesana in preparazione alla Pasqua del 1981. 260 $a[S.l. :$bs.n.],$c1981$e(Montesilvano :$fTipolitografia Superstampa,$g1981) 300 $a68 p. ;$c23 cm. 500 $aFondo Card. Giovanni Colombo. 650 4$aPasqua - Pastorale.$0(OLS)http://semarc/subject/7971 850 $aSeMil 852 $aSeMil$W1$xVenegono$y1$m5D VII 16/2$j5066$B5066$CSeMilBibl$Z2$F5066 $81 941 1 $a3 961 $aLascito: Colombo Card. Giovanni 996 $6245$aA quindici anni dal Concilio :$bcambiamento o aggiornamento della Chiesa?$9(OLS)http://semarc/title/55144 996 $6260$a[S.l. :$bs.n.]$9(OLS)http://semarc/publisher/29751